00377nam a22001217a 4500003000400000005001700004008004100021020001300062050002600075245008400101260004800185300002200233OSt20140310182531.0130813t xxu||||| |||| 00| 0 eng d a01957996 aRS 141.2 b.Un58 2011 aThe United States Pharmacopeia 2011 : USP 35 ; The national formulary : NF 30 / aUSA :bUnited States Pharmacopeial,cc2011. a5489 p. :c28 cm.